Asmin (Record no. 865)

MARC details
000 -BAŞLIK
Sabit Uzunlukta Kontrol Alanı 00601na a2200229 4500
001 - KONTROL NUMARASI
Denetim Alanı 14833
003 - KONTROL NUMARASI IDENTIFIER
Denetim Alanı MIRAKIL
005 - SON İŞLEM TARİHİ VE ZAMANI
Denetim Alanı 20181213154804.0
008 - SABİT-BOY VERİ ELEMANLARI - GENEL BİLGİLER
Sabit Uzunlukta Kontrol Alanı 161101b tu 000 0
040 ## - KATALOGLAMA KAYNAK
Orijinal Kataloglama Ajansı Milas
Kataloglama Dili tur
Metne Dönüştürmek Ajansı TR-AnCHP
041 ## - DİL KODU
Metin / Ses Parça Veya Ayrı Başlığın Dil Kodu tur
082 ## - DEWEY ONLU SINIFLANDIRMA NUMARASI
Sınıflandırma Numarası 814.42
Ürün Numarası S39a 2001
090 ## - SINIFLAMA NUMARASI
Sınıflama Numarası 814.42 S39a 2001
100 ## - ANA GİRİŞ - KİŞİSEL İSİM
Kişisel Ad Seymen, Yaşar
245 ## - BAŞLIK TABLOSU
Başlık Asmin
Başlığın Kalan Korkuyu yenmeliyiz
Sorumluluk Tablosu, Vb Yaşar Seymen
246 ## - UNVAN FORM VARYING
Başlık Doğru / Kısa Başlığı Korkuyu yenmeliyiz
260 ## - YAYIN, DAĞITIM, VB
Yayın, Dağıtım, Vb Yeri İstanbul
Yayıncı, Dağıtıcı, Vs Adı SODEV
Yayın, Dağıtım, Vb Tarihi 2001
300 ## - FİZİKSEL TANIM
Kapsam 160 s.
Boyutlar 19 sm.
600 ## - KONU KATMA GİRİŞ - KURUMSAL ADI
Kişisel Ad Türkçe denemeler
Genel Alt Bölümü Gazete yazıları
650 ## - KONU KATMA GİRİŞ - TOPİKAL DÖNEM
Topikal Süreli Veya Coğrafi Ad Giriş Elemanı Gazete yazıları
942 ## - EKLENDİ GİRİŞ ELEMANLARI (KOHA)
Sınıflandırma Veya Raf Düzeni Kaynak Dewey Decimal Classification
Koha Öğesi Türü Books
999 ## - SİSTEM KONTROL NUMARALARI (KOHA)
Koha Biblionumber 865
Koha Biblioitemnumber 865
Holdings
Kalıcı Konum Mevcut Konum Edinme Tarihi Edinim Kaynak Toplam Check-Out'Lar Tam Çağrı Numarası Barkod Tarih Son Görülme İtibaren Geçerli Fiyatlar Koha Öğesi Türü
CHP Kütüphanesi CHP Kütüphanesi 09/01/2016 Bağış   814.42 S39a 2001 002218 09/01/2016 09/01/2016 Books